| 000 | 01286am a2200457a 44500 | ||
|---|---|---|---|
| 003 | AR-BaBNM | ||
| 005 | 20251128211212.0 | ||
| 008 | 163020s1997 #AR|||||||||||000 | spa|| | ||
| 020 | _a950-537-529-8 | ||
| 040 | _cAR-BaBNM | ||
| 245 | 1 | 0 | _aHistoria económica y social argentina |
| 260 |
_aBuenos Aires _bFacultad de Ciencias Económicas. Universidad de Buenos Aires _c1997 |
||
| 300 | _a279 p. | ||
| 500 | _aEsta obra cuenta con ejercicios de aplicación | ||
| 650 | 4 | _aHISTORIA ARGENTINA | |
| 650 | 4 | _aPOLITICA | |
| 650 | 4 | _aHISTORIA ECONOMICA | |
| 650 | 4 | _aCOMERCIO INTERNACIONAL | |
| 650 | 4 | _aREVOLUCION DE MAYO | |
| 650 | 4 | _aINDUSTRIA | |
| 650 | 4 | _aHISTORIA DE LAS IDEAS | |
| 650 | 4 | _aREVOLUCION DE 1930 | |
| 650 | 4 | _aPOLITICA ECONOMICA | |
| 650 | 4 | _aCRISIS ECONOMICA | |
| 650 | 4 | _aCRISIS ECONOMICA | |
| 650 | 4 | _aCRISIS ECONOMICA | |
| 650 | 4 | _aLIBERALISMO | |
| 650 | 4 | _aINDUSTRIALIZACION | |
| 650 | 4 | _aGENERACION DE 1880 | |
| 650 | 4 | _aORGANIZACION NACIONAL | |
| 651 | 4 | _aArgentina | |
| 653 | _aPERONISMO | ||
| 653 | _aGOBIERNO MILITAR | ||
| 700 | 1 | _aRapoport, Mario | |
| 700 | 1 | _aTirre, Emilce | |
| 700 | 1 | _aCarrizo, Jorge | |
| 700 | 1 | _aOssona, Jorge | |
| 700 | 1 |
_aRodriguez, Lidia _ecolaborador |
|
| 942 | _cBK | ||
| 998 | _cmariana | ||
| 999 |
_c18691 _d18691 |
||